• 首页
  • 本馆介绍
  • 公告通知
  • 最新文献
  • 馆藏检索
  • 电子资源
  • 读者导购
  • 参考咨询
  • 我的图书馆
  • 登录
  • 详细信息显示
  • 放入我的书架
  • 预约/预借图书
  • 作者相关作品
  • 分类相关作品
  • 丛书相关作品
  • 出版社相关作品

书目信息

  • 表格格式
  • 工作单格式
  • 卡片格式
题名:
比例计算
    
 
作者: 刘春舫 编
分册:  
出版信息: 上海   上海人民出版社  1976
页数: 53页
开本: 19cm
丛书名:
单 册:
中图分类: O121.2
科图分类:
主题词: 比例:百分比 , 百分比:比例
电子资源:
ISBN:
000 00625nam0 2200241 45
001 0176001780
005 20060818104100.42
010    @dCNY0.13
091    @a7171.724
100    @a19950928d1976 em y0chiy0121 ea
101 0  @achi
102    @aCN@b310000
105    @ay z 000yy
200 10 @a比例计算@Abi li ji suan@f刘春舫编@Fliu chun fang bian
210    @a上海@c上海人民出版社@d1976
215    @a53页@d19cm
606    @a比例:百分比
606    @a百分比:比例
690    @aO121.2@v3
701  0 @a刘春舫@Aliu chun fang@4编
801  2 @aCN@bNLC@c20060818
801  0 @aCN@bTSSF@c20060728
905    @a10447@dO121.2@e33
    
    比例计算/刘春舫编.-上海:上海人民出版社,1976
    53页;19cm
    
    
    ISBN :CNY0.13
    
●
相关链接 在E读中查询图书 在五车中查询图书 在当当中查询图书 在豆瓣中查询图书


正题名:比例计算     索取号:O121.2/33         预约/预借

序号 登录号 条形码 馆藏地/架位号 状态 备注
1 0006320   001246173   密集书库/ [索取号:O121.2/33] 在馆    
2 0442509   204425096   密集书库/ [索取号:O121.2/33] 在馆    
3 0468634   204686349   密集书库/ [索取号:O121.2/33] 在馆    
唐山师范学院图书馆 欢迎您!
大连网信软件有限公司© 版权所有